| 000 -CABECERA |
| Longitud fija campo de control |
00739nam a2200217 a 4500 |
| 001 - NÚMERO DE CONTROL |
| Número de control |
1485 |
| 003 - IDENTIFICADOR DEL NÚMERO DE CONTROL |
| Identificador del número de control |
CDMR |
| 005 - FECHA Y HORA DE LA ÚLTIMA TRANSACCIÓN |
| Fecha y hora de la última transacción |
20131205111149.0 |
| 008 - CÓDIGOS DE INFORMACIÓN DE LONGITUD FIJA |
| Códigos de información de longitud fija |
130130s1977||||mx |||||||||||||||||sp |d |
| 040 ## - FUENTE DE LA CATALOGACIÓN |
| Centro catalogador de origen |
CDMR |
| Lengua de catalogación |
cat |
| Centro transcriptor |
CDMR |
| 100 1# - PUNTO DE ACCESO PRINCIPAL-NOMBRE DE PERSONA |
| 9 (RLIN) |
379 |
| Nombre de persona |
Mattelart, Armand |
| 245 10 - MENCIÓN DE TÍTULO |
| Título |
Multinacionales y sistemas de comunicación |
| Resto del título |
: los aparatos ideológicos del imperialismo |
| Mención de responsabilidad, etc. |
por Armand Mattelart |
| 260 ## - PUBLICACIÓN, DISTRIBUCIÓN, ETC. (PIE DE IMPRENTA) |
| Lugar de publicación, distribución, etc. |
México D.F. |
| Nombre del editor, distribuidor, etc. |
Siglo XXI |
| Fecha de publicación, distribución, etc. |
1977 |
| 300 ## - DESCRIPCIÓN FÍSICA |
| Extensión |
343 p. |
| 490 0# - MENCIÓN DE SERIE |
| Mención de serie |
Sociología y Política (Siglo XXI) |
| 650 04 - PUNTO DE ACCESO ADICIONAL DE MATERIA - TÉRMINO DE MATERIA |
| 9 (RLIN) |
3542 |
| Término de materia o nombre geográfico como elemento inicial |
Mitjans de comunicació de massa |
| Subdivisión de materia general |
Influència |
| 650 04 - PUNTO DE ACCESO ADICIONAL DE MATERIA - TÉRMINO DE MATERIA |
| 9 (RLIN) |
2807 |
| Término de materia o nombre geográfico como elemento inicial |
Mitjans de comunicació de massa |
| Subdivisión de materia general |
Aspectes polítics |
| 650 04 - PUNTO DE ACCESO ADICIONAL DE MATERIA - TÉRMINO DE MATERIA |
| 9 (RLIN) |
4171 |
| Término de materia o nombre geográfico como elemento inicial |
Indústries culturals |
| 650 04 - PUNTO DE ACCESO ADICIONAL DE MATERIA - TÉRMINO DE MATERIA |
| 9 (RLIN) |
4461 |
| Término de materia o nombre geográfico como elemento inicial |
Cultura popular |
| 942 ## - ENTRADA DE ELEMENTOS AGREGADOS (KOHA) |
| Koha [por defecto] tipo de item |
Monografies |
| Fuente de clasificaión o esquema |
|